000 00918nam a2200241 i 4500
001 22521
003 ES-MaACL
005 20230906152719.0
007 t|
008 021203s1947 sp ||||1| spa d
080 _a811.134.2'282(460.18)
100 1 _aAlonso Garrote, Santiago.
_920328
245 1 3 _aEl dialecto vulgar leonés hablado en Maragatería y tierra de Astorga :
_bnotas gramaticales y vocabulario /
_cSantiago Alonso Garrote.
250 _a2ª ed. rev. y aum.
260 _aMadrid :
_bConsejo Superior de Investigaciones Científicas, Instituto Antonio de Nebrija,
_c1947.
300 _a351 p. ;
_c26 cm.
490 1 _aBiblioteca de dialectología y tradiciones populares
650 4 _aDialecto leonés.
_9163592
710 2 _aInstituto Antonio de Nebrija.
_94795
830 1 _aBiblioteca de dialectología y tradiciones populares
_9178294
852 4 _aES-MaACL
_jE-2280
999 _c22521
_d22521